000 00648nam a22002297a 4500
003 BD-DhJNU
005 20250130045030.0
008 250130b |||||||| |||| 00| 0 eng d
020 _a9788131712894
040 _aBD-DhJNU
_bENG
_cBD-DhJNU
_dBD-DhJNU
082 _223
_a005.43
100 _aDeitel, H M
245 _aOperating systems /
_cH M Deitel, P J Deitel and D R Choffnes
250 _a3rd ed.
260 _aNew Delhi :
_bPearson Education,
_c2009.
300 _aiix, 1209 p. :
_bill. ;
_c25 cm.
504 _aincludes index
650 _aComputer programming
700 _aDeitel, P J
700 _aChoffnes, D R
942 _2ddc
_cBK
_n0
999 _c1203
_d1203